00861nam a2200229 a 4500001000800000005001700008008004100025020001500066040001800081050001900099245010500118260010400223300003000327504003100357650002400388651003700412700003000449700002800479942001100507999001100518952010200529BRCA_3820190320202844.0930309s1994 enka---##b---#001-0#eng-# a0415094984 aDLCcDLCdDLC 4aAM5b.C66 199410aTowards the Museum of the Futurebnew European Perspectivescedited by Roger Miles and Lauro Zavala. aLondres ; Nueva YorkbThe Conservation Unit of the Museums & Galleries Commission ; Routledgec1994 axiii, 203 p.bil.c26 cm. aBibliografía: p. 190-19114aMuseoszEuropa9172 4aEuropaxPolítica cultural91731 aMiles, Roger S.eed.91741 aZavala, Lauroeed.9175 2lcccB c38d38 00104070aBRCAbBRCAd2008-06-25l0oAM5 .C66 1994p00033_1r2019-03-23 00:00:00w2019-03-23yB